La Sociedad Abierta y sus Enemigos

Αποθηκεύτηκε σε:
Λεπτομέρειες βιβλιογραφικής εγγραφής
Κύριος συγγραφέας: Popper, Karl
Μορφή: Βιβλίο
Γλώσσα:Undetermined
Έκδοση: Buenos Aires, Argentina Editorial Paidos 1967
Θέματα:
Ετικέτες: Προσθήκη ετικέτας
Δεν υπάρχουν, Καταχωρήστε ετικέτα πρώτοι!

MARC

LEADER 00000nam a2200000Ia 4500
008 170316s9999 xx 000 0 und d
090 |a 100 P-31s v.1 
100 |a Popper, Karl 
245 |a La Sociedad Abierta y sus Enemigos 
260 |a Buenos Aires, Argentina 
260 |b Editorial Paidos 
260 |c 1967 
300 |a 353 páginas Tomo I 
650 |a FILOSOFÍA 
650 |a SOCIEDAD 
650 |a PLATÓN 
650 |a LA PLEAMAR DE LA PROFECÍA : LAS RAÍCES ARISTOTÉLICAS DEL HEGELIANISMO 
999 |c 17360  |d 17360 
040 |a cru BVZT 
942 |c 15 D  |h 100 P-31s v.1  |2 z